[Event "Sarajevo"]
[Site "Sarajevo"]
[Date "1985.??.??"]
[Round "6"]
[White "Sax, Gyula"]
[Black "Kurajica, Bojan"]
[Result "1/2-1/2"]
[WhiteElo "2565"]
[BlackElo "2535"]
[PlyCount "26"]
[EventDate "1985.03.??"]
[Source "ChessBase"]

1. e4 e5 2. Nf3 Nc6 3. Bb5 Nf6 4. O-O d6 5. d4 Bd7 6. Nc3 exd4 7. Nxd4 Be7 8. Bxc6 bxc6 9. Qf3 O-O 10. e5 Ng4 11. Nxc6 Nxe5 12. Nxe5 dxe5 13. Rd1 Bd6 1/2-1/2

[Event "RUS-chT 9th"]
[Site "Ekaterinburg"]
[Date "2002.05.18"]
[Round "2"]
[White "Volokitin, Andrei"]
[Black "Petukhov, Valery"]
[Result "1-0"]
[WhiteElo "2577"]
[BlackElo "2496"]
[PlyCount "81"]
[EventDate "2002.05.17"]
[Source "ChessBase"]
[SourceDate "2002.09.20"]

1. e4 e5 2. Nf3 Nc6 3. Bb5 d6 4. d4 Bd7 5. Nc3 Nf6 6. O-O exd4 7. Nxd4 Be7 8. Bxc6 bxc6 9. Qf3 O-O 10. b3 Re8 11. Bb2 Bf8 12. Rfe1 Qe7 13. h3 Qe5 14. Rad1 c5 15. Nf5 Bc6 16. Nh6+ gxh6 17. Na4 Qe6 18. Bxf6 Bg7 19. Bxg7 Kxg7 20. Nc3 Re7 21. Re3 Rae8 22. Nd5 Bxd5 23. Rxd5 Qf6 24. Rf5 Qg6 25. Qf4 Kf8 26. Rg3 Rxe4 27. Rxf7+ Qxf7 28. Qxh6+ Ke7 29. Rg7 Rf4 30. f3 Kd8 31. Rxf7 Rxf7 32. Qd2 Re5 33. Kf2 Kc8 34. g4 Re4 35. Kg3 Re5 36. f4 Re4 37. f5 Re5 38. Kh4 Kd7 39. Qa5 Re4 40. Kh5 Ke7 41. Qxc7+ 1-0

[Event "IBM"]
[Site "Amsterdam"]
[Date "1975.??.??"]
[Round "3"]
[White "Jansa, Vlastimil"]
[Black "Razuvaev, Yuri S"]
[Result "1/2-1/2"]
[WhiteElo "2540"]
[BlackElo "2515"]
[PlyCount "39"]
[EventDate "1975.??.??"]
[Source "ChessBase"]

1. e4 e5 2. Nf3 Nc6 3. Bb5 d6 4. O-O Bd7 5. Nc3 Nf6 6. d4 exd4 7. Nxd4 Be7 8. Bxc6 bxc6 9. Qf3 O-O 10. b3 c5 11. Nf5 Bxf5 12. Qxf5 Nd7 13. Nd5 Bf6 14. Rb1 Re8 15. Nxf6+ Nxf6 16. f3 Nd7 17. Bb2 Qe7 18. Rbd1 Qe6 19. Qg5 f6 20. Qd2 1/2-1/2

[Event "Bucharest Spring"]
[Site "Bucharest"]
[Date "2001.04.15"]
[Round "10"]
[White "Vajda, Albert"]
[Black "Istratescu, Andrei"]
[Result "1/2-1/2"]
[WhiteElo "2409"]
[BlackElo "2582"]
[PlyCount "33"]
[EventDate "2001.04.06"]
[Source "ChessBase"]
[SourceDate "2001.07.03"]

1. e4 e5 2. Nf3 Nc6 3. Bb5 Nf6 4. O-O d6 5. d4 Bd7 6. Nc3 exd4 7. Nxd4 Be7 8. Bf4 O-O 9. Nxc6 bxc6 10. Ba4 Rb8 11. e5 dxe5 12. Bxe5 Ng4 13. Bd4 Bd6 14. h3 Qh4 15. f4 c5 16. Bxd7 cxd4 17. Qxg4 1/2-1/2

[Event "Chigorin Memorial"]
[Site "St. Petersburg"]
[Date "2004.10.21"]
[Round "6.19"]
[White "Smikovski, Ivan"]
[Black "Tishin, Petr"]
[Result "1-0"]
[WhiteElo "2503"]
[BlackElo "2440"]
[PlyCount "101"]
[EventDate "2004.10.15"]
[Source "Roberto Alvarez"]
[SourceDate "2004.11.08"]

1. e4 e5 2. Nf3 Nc6 3. Bb5 Nf6 4. O-O d6 5. d4 Bd7 6. Nc3 exd4 7. Nxd4 Be7 8. Bxc6 bxc6 9. Qf3 O-O 10. Bg5 h6 11. Bh4 Rb8 12. b3 Rb4 13. Rad1 c5 14. Nf5 Bxf5 15. Qxf5 Qc8 16. Qf3 Re8 17. Rfe1 Qe6 18. h3 Bd8 19. Re3 Nd7 20. Bxd8 Ne5 21. Qe2 Rxd8 22. Nd5 Rb7 23. f4 Nd7 24. Qa6 Rdb8 25. e5 Kh8 26. exd6 Qxd6 27. Qe2 Nf6 28. Nxf6 Qxf6 29. Re8+ Kh7 30. Qe4+ Qg6 31. Qxg6+ Kxg6 32. Re7 c6 33. Re4 Rc7 34. Rd6+ f6 35. Rc4 Rb5 36. Kh2 h5 37. Kg3 Kf5 38. a4 Ra5 39. Rd3 Re7 40. Rdc3 Ke6 41. Re4+ Kd7 42. Rxe7+ Kxe7 43. Kh4 g6 44. f5 Kf7 45. fxg6+ Kxg6 46. Rc4 Kh6 47. g4 hxg4 48. Kxg4 Ra6 49. Rxc5 Rb6 50. Kf5 Kg7 51. h4 1-0

[Event "Malaga"]
[Site "Malaga ESP"]
[Date "1987.??.??"]
[Round "?"]
[White "Alvarez, R."]
[Black "Rodriguez Cespedes, Amador"]
[Result "1/2-1/2"]
[WhiteElo "2370"]
[BlackElo "2560"]
[PlyCount "56"]
[EventDate "1987.03.??"]
[Source "www.chesslib.no"]
[SourceDate "2004.05.04"]

1. e4 e5 2. Nf3 Nc6 3. Bb5 Nf6 4. O-O d6 5. d4 Bd7 6. Nc3 exd4 7. Nxd4 Be7 8. Re1 O-O 9. Bxc6 bxc6 10. Bf4 Rb8 11. b3 g6 12. e5 Nh5 13. Bh6 Re8 14. Qf3 d5 15. Rad1 Bg5 16. Bxg5 Qxg5 17. Qe3 Qxe3 18. Rxe3 c5 19. Nf3 d4 20. Ree1 Bc6 21. Ne4 Bxe4 22. Rxe4 Nf6 23. Ree1 Nd5 24. Nd2 Kg7 25. Ne4 Rxe5 26. Nxc5 Rxe1+ 27. Rxe1 Nb4 28. Nd3 Nxa2 1/2-1/2

[Event "AUT-chT 9899"]
[Site "AUT"]
[Date "1998.??.??"]
[Round "?"]
[White "Wach, Markus"]
[Black "Baumegger, Siegfried"]
[Result "1/2-1/2"]
[WhiteElo "2410"]
[BlackElo "2495"]
[PlyCount "68"]
[EventDate "1998.??.??"]
[Source "www.chesslib.no"]
[SourceDate "2004.05.04"]

1. e4 e5 2. Nf3 Nc6 3. Bb5 Nf6 4. O-O d6 5. d4 Bd7 6. Nc3 exd4 7. Nxd4 Be7 8. b3 Nxd4 9. Qxd4 Bxb5 10. Nxb5 Nd7 11. Rb1 O-O 12. c4 Re8 13. f3 d5 14. Qd1 dxe4 15. fxe4 c6 16. Nd6 Bxd6 17. Qxd6 Qb6+ 18. Kh1 Nf6 19. Qf4 Rxe4 20. Qf5 Re6 21. Bb2 Qc7 22. Rf4 Rae8 23. Rbf1 Qe7 24. Bd4 b6 25. Qg5 Re1 26. Bxf6 Rxf1+ 27. Rxf1 Qxf6 28. Qxf6 gxf6 29. Kg1 Re2 30. Rxf6 Rxa2 31. Rxc6 Rb2 32. Rc7 a5 33. c5 Rxb3 34. Rb7 a4 1/2-1/2

[Event "ROM Ch"]
[Site "?"]
[Date "2005.11.29"]
[Round "4"]
[White "Parligras Mircea"]
[Black "Manea Alexandru"]
[Result "1/2-1/2"]
[WhiteElo "2577"]
[BlackElo "2307"]
[PlyCount "105"]
[EventDate "2005.??.??"]
[Source "www.chesslib.no"]
[SourceDate "2004.05.04"]

1. e4 e5 2. Nf3 Nc6 3. Bb5 Nf6 4. O-O d6 5. d4 Bd7 6. Nc3 exd4 7. Nxd4 Be7 8. Bxc6 bxc6 9. Qf3 O-O 10. h3 Rb8 11. b3 c5 12. Nf5 Bxf5 13. Qxf5 Qc8 14. Qf3 Qe6 15. Bb2 c6 16. Rfe1 Nd7 17. Nd5 Ne5 18. Nxe7+ Qxe7 19. Qg3 f6 20. Rad1 Rfe8 21. Qc3 Nf7 22. Bc1 Rb4 23. f3 Qe5 24. Qe3 Qg3 25. Kf1 Qe5 26. Kf2 Kf8 27. Bd2 Rb5 28. Bc3 Qe6 29. Qf4 Rb7 30. Qd2 Kg8 31. Qd3 Rb5 32. Re2 Re7 33. Red2 Rb6 34. Kf1 Rb5 35. Qe2 Rb6 36. Qf2 Ra6 37. a4 Rb6 38. Qg3 Rd7 39. Qf4 Rbb7 40. Kf2 Rb6 41. g4 Rb8 42. h4 Rf8 43. h5 Ne5 44. Qf5 Qe7 45. Qf4 Qe6 46. Bb2 Rff7 47. Qf5 Qe7 48. Qf4 Qe6 49. Kg3 Rf8 50. Qf5 Qe7 51. Qf4 Qe6 52. Ba3 Rfd8 53. Bb2 1/2-1/2

[Event "Mexico"]
[Site "Mexico City MEX"]
[Date "1978.??.??"]
[Round "6"]
[White "Sisniega, Marcel"]
[Black "Frey Beckman, Kenneth"]
[Result "1/2-1/2"]
[WhiteElo "2455"]
[BlackElo "2390"]
[PlyCount "82"]
[EventDate "1978.??.??"]
[Source "www.chesslib.no"]
[SourceDate "2004.05.04"]

1. e4 e5 2. Nf3 Nc6 3. Bb5 Nf6 4. O-O d6 5. d4 Bd7 6. Nc3 exd4 7. Nxd4 Be7 8. Bxc6 bxc6 9. Bf4 O-O 10. e5 Ne8 11. Qf3 d5 12. Rfe1 g6 13. Rad1 Ng7 14. Bh6 c5 15. Nb3 c6 16. Nb1 Re8 17. c4 dxc4 18. N3d2 Nf5 19. Bf4 Nd4 20. Qc3 Be6 21. Na3 Nb5 22. Nxb5 cxb5 23. Nxc4 Qc7 24. Nd6 Reb8 25. Qf3 a6 26. Ne4 Qb7 27. Qg3 Rd8 28. Rd6 Rac8 29. Bg5 Bf5 30. Qh4 Bxe4 31. Bxe7 Rxd6 32. exd6 Bxg2 33. d7 Qxd7 34. Kxg2 Re8 35. Re3 Qd5+ 36. Qe4 Qd7 37. h3 f6 38. Qe6+ Qxe6 39. Rxe6 Kf7 40. Rxf6+ Kxe7 41. Rxa6 c4 1/2-1/2

[Event "ESP Team Ch"]
[Site "Linares ESP"]
[Date "1991.??.??"]
[Round "7"]
[White "Magem Badals, Jordi"]
[Black "Alvarez Ibarra, Rafael"]
[Result "1-0"]
[WhiteElo "2485"]
[BlackElo "2355"]
[PlyCount "112"]
[EventDate "1991.??.??"]
[Source "www.chesslib.no"]
[SourceDate "2004.05.04"]

1. e4 e5 2. Nf3 Nc6 3. Bb5 Nf6 4. O-O d6 5. d4 Bd7 6. Nc3 exd4 7. Nxd4 Be7 8. Bxc6 bxc6 9. b3 O-O 10. Bb2 c5 11. Nf3 Bc6 12. Re1 Nd7 13. Nd5 Bxd5 14. Qxd5 Bf6 15. e5 Nxe5 16. Nxe5 dxe5 17. Qxc5 Qd6 18. Qe3 Rfe8 19. Rad1 Qb6 20. Rd5 Rad8 21. Red1 Rxd5 22. Rxd5 h6 23. Qxb6 axb6 24. a4 Ra8 25. f4 exf4 26. Bxf6 gxf6 27. Kf2 c6 28. Rd4 b5 29. Rxf4 bxa4 30. bxa4 Ra5 31. Ke3 Kf8 32. Kd3 Ke7 33. Kc3 c5 34. Kb3 Ke6 35. Rh4 h5 36. g3 Kd6 37. Rf4 Ke5 38. Rh4 Kd6 39. Re4 Ra8 40. Rh4 Ra5 41. c4 Ra8 42. Rxh5 Rb8+ 43. Kc3 Rg8 44. Rd5+ Kc6 45. Rf5 Rg6 46. Rh5 Kb6 47. Kb3 Rg7 48. Rh6 Ka5 49. Rxf6 Rh7 50. Rf2 f6 51. Kc3 Rh6 52. Rb2 Rh5 53. Rf2 Rh6 54. Rf5 Kxa4 55. Rxc5 Rxh2 56. Rc6 Rg2 1-0

[Event "Lone Pine op"]
[Site "Lone Pine"]
[Date "1979.??.??"]
[Round "6"]
[White "Van der Sterren, Paul"]
[Black "Nikolic, Stanimir"]
[Result "1-0"]
[WhiteElo "2400"]
[BlackElo "2440"]
[PlyCount "103"]
[EventDate "1979.03.??"]
[Source "ChessBase"]

1. e4 e5 2. Nf3 Nc6 3. Bb5 Nf6 4. O-O d6 5. d4 Bd7 6. Nc3 exd4 7. Nxd4 Be7 8. Bxc6 bxc6 9. Qf3 O-O 10. Bg5 h6 11. Bf4 Re8 12. h3 Bf8 13. Rad1 c5 14. Nde2 Rb8 15. b3 Bc6 16. Ng3 Rb4 17. a3 Rd4 18. Rde1 Re6 19. Be3 Qe8 20. Bxd4 cxd4 21. Nce2 Bxe4 22. Nxe4 Rxe4 23. Qd3 d5 24. Qd2 Qe5 25. c3 dxc3 26. Nxc3 Bd6 27. g3 Rxe1 28. Rxe1 Qf5 29. b4 Qxh3 30. Nxd5 Ng4 31. Re8+ Kh7 32. Qd3+ g6 33. Qf3 Kg7 34. Ne3 Qh2+ 35. Kf1 Nf6 36. Ra8 Qh3+ 37. Kg1 h5 38. Qb7 h4 39. Qh1 Qxh1+ 40. Kxh1 hxg3 41. fxg3 Bxg3 42. Kg2 Be5 43. Nc2 Nd5 44. Rxa7 f5 45. Ra5 Nf4+ 46. Kf3 Kf6 47. Ra6+ Ne6 48. a4 Bd6 49. a5 Ke5 50. Ra8 Kd5 51. a6 c5 52. a7 1-0

[Event "Copenhagen AS04"]
[Site "Copenhagen"]
[Date "1988.??.??"]
[Round "?"]
[White "Rozentalis, Eduardas"]
[Black "Bjerring, Kai"]
[Result "1/2-1/2"]
[WhiteElo "2490"]
[BlackElo "2345"]
[PlyCount "80"]
[EventDate "1988.10.??"]
[Source "ChessBase"]

1. e4 e5 2. Nf3 Nc6 3. Bb5 Nf6 4. O-O d6 5. d4 Bd7 6. Nc3 exd4 7. Nxd4 Nxd4 8. Qxd4 Bxb5 9. Nxb5 a6 10. e5 axb5 11. exf6 Qxf6 12. Qe4+ Be7 13. Qxb7 O-O 14. Qxb5 Qg6 15. Qc6 Qe6 16. c4 Bf6 17. a4 Bd4 18. a5 Qe2 19. a6 Rfe8 20. Be3 Bxe3 21. fxe3 Qxe3+ 22. Kh1 Qc5 23. Qxc5 dxc5 24. Ra5 Reb8 25. Rb5 Rb6 26. Ra1 Kf8 27. Rxb6 cxb6 28. g4 Ke7 29. Kg2 Kd6 30. Kf3 Kc6 31. Ke4 Ra7 32. h4 b5 33. cxb5+ Kxb5 34. Kd5 Rd7+ 35. Ke5 Kb6 36. g5 Ka7 37. Ra5 Rd4 38. Rxc5 Rxh4 39. Rc7+ Kxa6 40. Rxf7 g6 1/2-1/2

[Event "ESP-chTA"]
[Site "Oropesa del Mar ESP"]
[Date "1996.??.??"]
[Round "9"]
[White "Sion Castro, Marcelino"]
[Black "Iruzubieta Villaluenga, Jesus Maria"]
[Result "1/2-1/2"]
[WhiteElo "2400"]
[BlackElo "2410"]
[PlyCount "22"]
[EventDate "1996.??.??"]
[Source "www.chesslib.no"]
[SourceDate "2004.05.04"]

1. e4 e5 2. Nf3 Nc6 3. Bb5 Nf6 4. O-O d6 5. d4 Bd7 6. Nc3 exd4 7. Nxd4 Be7 8. Bxc6 bxc6 9. Qf3 O-O 10. Nf5 Bxf5 11. Qxf5 Re8 1/2-1/2

[Event "Kstovo op"]
[Site "Kstovo"]
[Date "1994.??.??"]
[Round "4"]
[White "Abrosimov, Alexandre"]
[Black "Shchekachev, Andrei"]
[Result "1-0"]
[WhiteElo "2325"]
[BlackElo "2480"]
[PlyCount "85"]
[EventDate "1994.08.??"]
[Source "ChessBase"]

1. e4 e5 2. Nf3 Nc6 3. Nc3 Nf6 4. Bb5 d6 5. d4 Bd7 6. O-O exd4 7. Nxd4 Be7 8. Bxc6 bxc6 9. Qf3 O-O 10. Bg5 h6 11. Bf4 Nh7 12. Rad1 Re8 13. Rfe1 Nf8 14. Nf5 Bf6 15. Ng3 Ng6 16. Bc1 Rb8 17. b3 Be5 18. Nce2 Qh4 19. Qe3 d5 20. exd5 cxd5 21. Rxd5 Bf6 22. Qxa7 Bc6 23. Rdd1 Bxg2 24. Kxg2 Qg4 25. Ng1 Nh4+ 26. Kh1 Qb4 27. Rxe8+ Rxe8 28. Qxc7 Re6 29. Qc4 Qe7 30. Be3 Re5 31. Qc6 Re6 32. Qd7 Qb4 33. Qd5 Qc3 34. Nf5 Ng6 35. Qd3 Qc6+ 36. f3 Ne5 37. Qe2 Ng4 38. Rd3 g6 39. Ng3 Bg5 40. Nf1 f5 41. Qd2 Nxe3 42. Nxe3 Qe8 43. f4 1-0

[Event "Tramandai zt"]
[Site "Tramandai"]
[Date "1978.??.??"]
[Round "11"]
[White "Frias, Victor J"]
[Black "Dienavorian, Manuel"]
[Result "1-0"]
[WhiteElo "2390"]
[BlackElo "2415"]
[PlyCount "87"]
[EventDate "1978.??.??"]
[Source "ChessBase"]

1. e4 e5 2. Nf3 Nc6 3. Nc3 Nf6 4. Bb5 d6 5. d4 Bd7 6. O-O exd4 7. Nxd4 Be7 8. Re1 O-O 9. Nxc6 Bxc6 10. Bxc6 bxc6 11. Ne2 c5 12. Nf4 Re8 13. Bd2 Bf8 14. Qf3 Nd7 15. Bc3 Ne5 16. Qg3 Ng6 17. Nd3 Qh4 18. Qf3 f6 19. Qf5 Qg5 20. Qxg5 fxg5 21. Rad1 Re6 22. f3 Rae8 23. a3 Nf4 24. b4 Nxd3 25. Rxd3 cxb4 26. axb4 c5 27. Ra1 R6e7 28. bxc5 dxc5 29. h3 Rb7 30. Rd5 h6 31. Kf2 Re6 32. Ke2 Kf7 33. Kd3 Reb6 34. Rd8 Rd6+ 35. Rxd6 Bxd6 36. Kc4 Be7 37. Kd5 Bf8 38. Ra6 Rd7+ 39. Kc4 Re7 40. e5 Rb7 41. e6+ Ke8 42. Kd5 Kd8 43. Be5 Kc8 44. c4 1-0

[Event "Tirnavia-C"]
[Site "Trnava SVK"]
[Date "1989.??.??"]
[Round "13"]
[White "Frolov, Artur"]
[Black "Bjerring, Kai"]
[Result "1-0"]
[WhiteElo "2445"]
[BlackElo "2355"]
[PlyCount "67"]
[EventDate "1989.03.??"]
[Source "www.chesslib.no"]
[SourceDate "2004.05.04"]

1. e4 e5 2. Nf3 Nc6 3. Bb5 Nf6 4. O-O d6 5. d4 Bd7 6. Nc3 exd4 7. Nxd4 Be7 8. Be2 Nxd4 9. Qxd4 Bc6 10. Bf4 O-O 11. Rad1 Nd7 12. Nd5 Bf6 13. Nxf6+ Qxf6 14. Qxf6 Nxf6 15. f3 Rfe8 16. Rfe1 Nd7 17. Kf2 Ne5 18. Bc1 Re7 19. h4 a6 20. b3 Rf8 21. Rd4 a5 22. h5 f6 23. Bd1 Ra8 24. a4 Be8 25. h6 g5 26. g3 Bc6 27. Be2 Rae8 28. Rdd1 g4 29. f4 Nf3 30. Bc4+ Kf8 31. Re2 Bxe4 32. Bb2 d5 33. Ba3 c6 34. Rxe4 1-0

[Event "Michael Franett Memorial"]
[Site "?"]
[Date "2005.01.11"]
[Round "10"]
[White "Bhat Vinay S"]
[Black "Ganbold Odondoo"]
[Result "1-0"]
[WhiteElo "2410"]
[BlackElo "2382"]
[PlyCount "93"]
[EventDate "2005.??.??"]
[Source "www.chesslib.no"]
[SourceDate "2004.05.04"]

1. d4 d6 2. e4 e5 3. Nf3 Nc6 4. Bb5 Bd7 5. Nc3 Nf6 6. O-O exd4 7. Nxd4 Be7 8. Bxc6 bxc6 9. Bf4 O-O 10. Qf3 Ne8 11. Rad1 g6 12. e5 d5 13. Nb3 Qc8 14. h3 Ng7 15. Qe2 Re8 16. Na4 Bf8 17. Rfe1 Rb8 18. c3 Rb5 19. Bh6 Qb7 20. Bxg7 Kxg7 21. Qe3 Bc8 22. Nbc5 Qb8 23. b4 Kg8 24. Nb3 Qa8 25. Nac5 a5 26. a4 Rb8 27. Nxa5 Bg7 28. Qd4 Re7 29. g4 Be6 30. Nab3 Rbe8 31. a5 Bc8 32. Nd3 Ba6 33. Nbc5 Bb5 34. f4 Qc8 35. Kg2 h5 36. Kg3 hxg4 37. hxg4 Qd8 38. a6 f6 39. Nb7 fxe5 40. Nxd8 exd4 41. Rxe7 Rxd8 42. Nc5 Bf8 43. Rd7 Re8 44. cxd4 Bd6 45. a7 g5 46. Ne6 gxf4+ 47. Kf2 1-0

[Event "Malmo Open"]
[Site "Malmo SWE"]
[Date "1987.??.??"]
[Round "?"]
[White "Horvath, Jozsef"]
[Black "Bjerring, Kai"]
[Result "0-1"]
[WhiteElo "2475"]
[BlackElo "2315"]
[PlyCount "60"]
[EventDate "1986.??.??"]
[Source "www.chesslib.no"]
[SourceDate "2004.05.04"]

1. e4 e5 2. Nf3 Nc6 3. Bb5 Nf6 4. O-O d6 5. d4 Bd7 6. Nc3 exd4 7. Nxd4 Be7 8. Bxc6 bxc6 9. b3 O-O 10. Bb2 Re8 11. Qd3 Qb8 12. Rae1 Qb4 13. f4 Rab8 14. e5 Nh5 15. a3 Qb6 16. Kh1 Bf8 17. Nf5 g6 18. Ne3 Rbd8 19. g4 dxe5 20. gxh5 Bh3 21. Qe4 Bxf1 22. Na4 Qb5 23. Rxf1 Qe2 24. hxg6 hxg6 25. Nc3 Rd4 26. Qxc6 Qxe3 27. Qxe8 Rd2 28. fxe5 Rf2 29. Rxf2 Qxf2 30. Qb5 Bc5 0-1

[Event "AUT Team Ch"]
[Site "Austria"]
[Date "1989.??.??"]
[Round "?"]
[White "Wittmann, Walter"]
[Black "Duer, Arne"]
[Result "1/2-1/2"]
[WhiteElo "2400"]
[BlackElo "2390"]
[PlyCount "31"]
[EventDate "1989.??.??"]
[Source "www.chesslib.no"]
[SourceDate "2004.05.04"]

1. e4 e5 2. Nf3 Nc6 3. Bb5 Nf6 4. O-O d6 5. d4 Bd7 6. Nc3 exd4 7. Nxd4 Be7 8. Bxc6 bxc6 9. Bf4 O-O 10. e5 Ne8 11. Qf3 d5 12. Nb3 f6 13. Qe2 fxe5 14. Bxe5 Nf6 15. f4 Bd6 16. Rae1 1/2-1/2

[Event "it (rr)"]
[Site "?"]
[Date "2005.10.25"]
[Round "5"]
[White "Hungaski Roberto"]
[Black "Diaz Nahuel"]
[Result "1/2-1/2"]
[WhiteElo "2371"]
[BlackElo "2418"]
[PlyCount "27"]
[EventDate "2005.??.??"]
[Source "www.chesslib.no"]
[SourceDate "2004.05.04"]

1. e4 e5 2. Nf3 Nc6 3. Bb5 d6 4. d4 Bd7 5. Nc3 Nf6 6. O-O exd4 7. Nxd4 Be7 8. Bxc6 bxc6 9. Qf3 O-O 10. b3 Re8 11. h3 g6 12. Bb2 Bf8 13. Rfe1 Bg7 14. e5 1/2-1/2

[Event "HUN-chT1"]
[Site "HUN"]
[Date "1995.??.??"]
[Round "?"]
[White "Karolyi, Tibor jr"]
[Black "Barczay, Laszlo"]
[Result "1/2-1/2"]
[WhiteElo "2385"]
[BlackElo "2400"]
[PlyCount "25"]
[EventDate "1995.??.??"]
[Source "www.chesslib.no"]
[SourceDate "2004.05.04"]

1. e4 e5 2. Nf3 Nc6 3. Bb5 d6 4. d4 Bd7 5. Nc3 Nf6 6. O-O exd4 7. Nxd4 Be7 8. Re1 O-O 9. Bf1 Re8 10. b3 Bf8 11. Bb2 Ne5 12. f4 Ng6 13. g3 1/2-1/2

[Event "IEWCC"]
[Site "Istanbul"]
[Date "2003.06.08"]
[Round "6"]
[White "Kosintseva, Nadezhda"]
[Black "Klinova, Masha"]
[Result "1/2-1/2"]
[WhiteElo "2417"]
[BlackElo "2368"]
[PlyCount "94"]
[EventDate "2003.06.02"]
[Source "Roberto Alvarez"]
[SourceDate "2003.06.23"]

1. e4 e5 2. Nf3 Nc6 3. d4 d6 4. Bb5 Bd7 5. Nc3 Nf6 6. O-O exd4 7. Nxd4 Be7 8. Bxc6 bxc6 9. Bf4 O-O 10. e5 dxe5 11. Bxe5 Bd6 12. Bg3 Rb8 13. b3 c5 14. Nde2 Bf5 15. Rc1 Re8 16. Re1 Qd7 17. Nf4 Qc6 18. Rxe8+ Rxe8 19. Ncd5 Nxd5 20. Qxd5 Be4 21. Qxc6 Bxc6 22. c4 f5 23. f3 g5 24. Nd5 Bxd5 25. cxd5 Re2 26. Bf2 Rxa2 27. Bxc5 Rd2 28. Bxd6 cxd6 29. Ra1 Rxd5 30. Rxa7 f4 31. Rb7 Rd1+ 32. Kf2 Rd2+ 33. Kf1 Rd1+ 34. Ke2 Rg1 35. Kf2 Rb1 36. h3 Rb2+ 37. Kg1 d5 38. Rd7 Rxb3 39. Rxd5 h6 40. Rd7 Rb1+ 41. Kh2 h5 42. h4 g4 43. fxg4 hxg4 44. Rd4 Rf1 45. g3 fxg3+ 46. Kxg3 Rf7 47. Kxg4 Kh7 1/2-1/2

[Event "12th Open Ljubljana SLO"]
[Site "?"]
[Date "2001.??.??"]
[Round "8"]
[White "Podlesnik, B."]
[Black "Basagic, Z."]
[Result "1-0"]
[WhiteElo "2405"]
[BlackElo "2345"]
[PlyCount "87"]
[EventDate "2001.??.??"]
[Source "www.chesslib.no"]
[SourceDate "2004.05.04"]

1. e4 e5 2. Nf3 Nc6 3. Nc3 Nf6 4. Bb5 d6 5. d4 Bd7 6. O-O exd4 7. Nxd4 Be7 8. Re1 O-O 9. Bxc6 bxc6 10. Bf4 Rb8 11. Nb3 Ne8 12. e5 Rb4 13. Qf3 d5 14. a3 Rb8 15. Be3 Rb7 16. Na4 Qc8 17. Bc5 Bxc5 18. Naxc5 Rb6 19. Qc3 g6 20. Nxd7 Qxd7 21. Nc5 Qf5 22. Re3 Ng7 23. e6 d4 24. Qxd4 Qxc2 25. b4 fxe6 26. Rxe6 Rbb8 27. Rxc6 Rf7 28. f3 Re8 29. Qd3 Qb2 30. Rb1 Qa2 31. Ne4 Ne6 32. Re1 Nf4 33. Nf6+ Rxf6 34. Rxe8+ Kg7 35. Rxc7+ Kh6 36. Qc2 Qa1+ 37. Qc1 Qd4+ 38. Kh1 Rd6 39. Re1 g5 40. Rc6 Kh5 41. Rxd6 Qxd6 42. Rd1 Nd3 43. g4+ Kh6 44. h4 1-0

[Event "Troll Masters"]
[Site "Gausdal"]
[Date "1984.??.??"]
[Round "7"]
[White "Knezevic, Milorad"]
[Black "Nykopp, Jan Michael F"]
[Result "1/2-1/2"]
[WhiteElo "2450"]
[BlackElo "2300"]
[PlyCount "38"]
[EventDate "1984.01.??"]
[Source "ChessBase"]

1. e4 e5 2. Nf3 Nc6 3. Bb5 Nf6 4. O-O d6 5. d4 Bd7 6. Nc3 exd4 7. Nxd4 Be7 8. Re1 O-O 9. Bxc6 bxc6 10. Qf3 Re8 11. Nf5 Bxf5 12. Qxf5 Qd7 13. Qa5 Ng4 14. Bg5 Bxg5 15. Qxg5 Re5 16. Qh4 Rb8 17. f4 Ree8 18. b3 f5 19. h3 Nf6 1/2-1/2

[Event "Cannes Open"]
[Site "Cannes FRA"]
[Date "1992.??.??"]
[Round "?"]
[White "Marciano, David"]
[Black "Alvarez Ibarra, Rafael"]
[Result "0-1"]
[WhiteElo "2380"]
[BlackElo "2370"]
[PlyCount "44"]
[EventDate "1992.02.??"]
[Source "www.chesslib.no"]
[SourceDate "2004.05.04"]

1. e4 e5 2. Nc3 Nf6 3. Nf3 Nc6 4. Bb5 d6 5. d4 Bd7 6. O-O exd4 7. Nxd4 Be7 8. Re1 O-O 9. Bf1 Re8 10. Bf4 Nxd4 11. Qxd4 Bc6 12. Be2 Nd7 13. Nd5 Bg5 14. Bxg5 Qxg5 15. f4 Qh6 16. g3 Nf6 17. Nxc7 Rxe4 18. Qxd6 Re3 19. f5 Rc8 20. Bf1 Qg5 21. Nb5 Rce8 22. Red1 R3e5 0-1

[Event "Ramat Hasharon"]
[Site "Ramat Hasharon"]
[Date "1992.??.??"]
[Round "6"]
[White "Slutzky, Leonid"]
[Black "Zilberman, Yaacov"]
[Result "1/2-1/2"]
[WhiteElo "2265"]
[BlackElo "2485"]
[PlyCount "23"]
[EventDate "1992.??.??"]
[Source "www.chesslib.no"]
[SourceDate "2004.05.04"]

1. e4 e5 2. Nf3 Nc6 3. Bb5 d6 4. d4 Bd7 5. O-O Nf6 6. Nc3 exd4 7. Nxd4 Be7 8. Bxc6 bxc6 9. b3 O-O 10. Bb2 Re8 11. Re1 Bf8 12. h3 1/2-1/2

[Event "Ch Kiev"]
[Site "Kiev UKR"]
[Date "1986.??.??"]
[Round "4"]
[White "Pesotsky, Vitaly"]
[Black "Gershman, Semion"]
[Result "1-0"]
[WhiteElo "2415"]
[BlackElo "2333"]
[PlyCount "69"]
[EventDate "1986.??.??"]
[Source "www.chesslib.no"]
[SourceDate "2004.05.04"]

1. e4 e5 2. Nf3 Nc6 3. Nc3 Nf6 4. Bb5 d6 5. d4 Bd7 6. O-O exd4 7. Nxd4 Be7 8. Bxc6 bxc6 9. Qf3 O-O 10. e5 Ng4 11. Nxc6 Nxe5 12. Nxe5 dxe5 13. Rd1 Bd6 14. Ne4 Bc6 15. Nf6+ Qxf6 16. Qxc6 Qg6 17. Be3 a5 18. c4 e4 19. g3 Rab8 20. Bd4 Qf5 21. Re1 Rfe8 22. c5 Bf8 23. Qxc7 Rb4 24. Rad1 Rc4 25. Qxa5 Re6 26. Be3 g5 27. Rd8 Kg7 28. Qa8 Be7 29. Rg8+ Kh6 30. h4 Rg6 31. hxg5+ Bxg5 32. Bxg5+ Kxg5 33. Qd8+ Kg4 34. Qh4+ Kf3 35. Re3# 1-0

[Event "HUN Team Ch 9394"]
[Site "HUN"]
[Date "1994.??.??"]
[Round "?"]
[White "Horvath, Imre"]
[Black "Szell, Lajos"]
[Result "1/2-1/2"]
[WhiteElo "2390"]
[BlackElo "2315"]
[PlyCount "44"]
[EventDate "1993.??.??"]
[Source "www.chesslib.no"]
[SourceDate "2004.05.04"]

1. e4 e5 2. Nf3 Nc6 3. Nc3 Nf6 4. Bb5 d6 5. d4 Bd7 6. O-O exd4 7. Nxd4 Be7 8. Bf4 O-O 9. Bxc6 bxc6 10. e5 Ne8 11. Qf3 d5 12. Rad1 g6 13. Rfe1 Ng7 14. Bh6 Re8 15. Bxg7 Kxg7 16. e6 fxe6 17. Rxe6 Bd6 18. Rde1 Bxe6 19. Nxe6+ Rxe6 20. Rxe6 Qd7 21. Qg4 Qf7 22. g3 Bc5 1/2-1/2

[Event "Fyn"]
[Site "Fyn"]
[Date "1980.??.??"]
[Round "?"]
[White "Bednarski, Jacek B"]
[Black "Fries Nielsen, Niels J"]
[Result "1/2-1/2"]
[WhiteElo "2385"]
[BlackElo "2315"]
[PlyCount "95"]
[EventDate "1980.??.??"]
[Source "www.chesslib.no"]
[SourceDate "2004.05.04"]

1. e4 e5 2. Nf3 Nc6 3. Bb5 d6 4. d4 Bd7 5. O-O Nf6 6. Nc3 exd4 7. Nxd4 Be7 8. Bxc6 bxc6 9. Qf3 O-O 10. b3 Rb8 11. Bb2 Qc8 12. e5 Ng4 13. Nxc6 Bxc6 14. Qxc6 Nxe5 15. Qa4 Qb7 16. Rad1 Bd8 17. Rfe1 Ng6 18. Nd5 Bg5 19. Re4 c6 20. Rg4 f6 21. Rb4 Qc8 22. Rc4 Rb5 23. Nc3 Rb6 24. Rcd4 Re8 25. h4 Bxh4 26. Rxh4 Nxh4 27. Qxh4 Qe6 28. Qg3 d5 29. Qf3 Rb4 30. Ba3 Rh4 31. g3 Rg4 32. Kg2 f5 33. Bc1 h5 34. Bd2 Qg6 35. Ne2 h4 36. Nf4 Qf7 37. Re1 Re4 38. Rxe4 dxe4 39. Qc3 g5 40. Ne2 hxg3 41. Qxc6 gxf2+ 42. Kxf2 Rh4 43. Bxg5 Rh2+ 44. Ke3 Rxe2+ 45. Kxe2 Qh5+ 46. Kf2 Qf3+ 47. Ke1 Qg3+ 48. Ke2 1/2-1/2